000 00506nam a2200157 i 4500
001 75820
003 ES-MaACL
005 20230906172619.0
007 t|
008 040927s1946 sp ||||1| cat d
100 1 _aGuasp Gelabert, Bartoméu.
_960364
245 1 3 _aLa vida ermitana a Mallorca des del segle XIII a l'actualitat /
_cpor Bartoméu Guasp Gelabert.
260 _aPalma de Mallorca :
_b[s.n.,
_c1946] (
_fImp. Sagrats Cors)
300 _a1 v. ;
_c22 cm.
852 _aES-MaACL
_j1870-F-30
_bR.23997
999 _c75820
_d75820